| 000 | 00501cam a2200193ua 4500 | ||
|---|---|---|---|
| 001 | 9565 | ||
| 008 | 190425n ii |||gr||||Z||||||eng | ||
| 040 | _cMAIN | ||
| 041 | _aeng | ||
| 082 | _a344.01 | ||
| 100 |
_aPhukan, G C, _eAuthor. |
||
| 245 |
_aRevised leave rules (Govt. of Assam employees) _cby G C Phukan |
||
| 250 | _a3rd ed. | ||
| 260 |
_aGuwahati: _bAssam law house, _c2015. |
||
| 300 | _a162p. | ||
| 653 | _aLabor, social, education & cultural law | ||
| 653 | _aLeave rules | ||
| 942 | _cBK | ||
| 999 |
_c8596 _d8596 |
||